000 00572cam a2200217 4500
001 D12097
008 090401t1946 xxu||||| |||| 00| 0 eng d
035 _a(Sirsi) u1189
041 0 _aeng
050 0 4 _a336.2 $2 18
100 1 _aBean, Philip R.
245 0 0 _aRating valuation practice
260 _aLondon
_bStevens and Sons
_c1946
300 _axvi, 220
_c26cm.
350 _a0
651 4 _aEngland and Wales
_y1543-
690 _aPROPERTY-PROPERTY APPRAISAL AND VALUATION-TAXATION VALUATION
700 1 _aLockwood, Arthur
942 _n0
948 _c04/03/1997
999 _c85640
_d85640